00343nam a22001217a 4500082002600000100001600026245005300042250001200095260003600107300003300143526003700176650000800213 a954.91bSEEcDonation aH.M Seervai aPartition of India : Legend and Reality Pakistan a1st Ed. aPakistanbThe Army Press c1991 aviii, 194 p. :bill. :c6 Cm a0b0c0d954_910000000000000_SEE aMCE